| 000 | 00668cam a2200193 4500 | ||
|---|---|---|---|
| 008 | 100128n 000 0 eng u | ||
| 020 | _a159221276X | ||
| 035 | _a(Sirsi) a168281 | ||
| 040 | _aCIP | ||
| 050 | _aDT 2981.Z55 SIB 2004 | ||
| 100 | _aSibanda, Eliakim M. | ||
| 245 |
_aThe Zimbabwe African People's Union 1961-87: _ba political history of insurgency in Southern Rhodesia/ _cby Eliakim M. Sibanda. |
||
| 260 |
_aTrenton: _bAfrican World Press, _c2005 |
||
| 300 | _axi, 321p. | ||
| 500 | _a | ||
| 504 | _aIncludes bibliograhical references. | ||
| 650 | _aZimbabwe African People's Union-- history | ||
| 650 | _aZimbabwe-- politics and government-- 1980 | ||
| 999 |
_c113647 _d113647 |
||